000 00366nam a2200157Ia 4500
005 20250316173445.0
008 240331s9999 xx 000 0 und d
082 _a894
_bPRA
100 _aJeyakanthan,
245 0 _aPramma upathesam
250 _a10th
260 _a Madurai
_bMeenakshi Puthaka Nilayam
_c1995
300 _a98 p .,
650 _aEssay
942 _cL
999 _c3748
_d3748